Método Dialéctico /

El autor conceptúa la dialéctica como el conjunto de leyes generales que explican el movimiento o los cambios que tienen lugar en la realidad y en su totalidad. Su propósito al abordar este método filosófico es proporcionar los elementos para poder interpretar los acontecimientos sociales en el tran...

Бүрэн тодорхойлолт

-д хадгалсан:
Номзүйн дэлгэрэнгүй
Үндсэн зохиолч: Cortés del Moral, Rodolfo (autor)
Бусад зохиолчид: Rangel Guerra, Alfonso (presentación) (presentación)
Формат: Ном
Хэл сонгох:испани
Хэвлэсэн: México : ANUIES, Programa Nacional de Formación de Profesores, 1977, c1977
Цуврал:(Temas Básicos. Filosofía)
Нөхцлүүд:
Шошгууд: Шошго нэмэх
Шошго байхгүй, Энэхүү баримтыг шошголох эхний хүн болох!

MARC

LEADER 00000nam^a2200000^a^4500
001 000392754
005 20250521000000.0
009 20260310121250.734
037 |a Acervo ITESO - Biblioteca 
041 |a ESP 
082 |a 101.  |b COR 
100 |a Cortés del Moral, Rodolfo  |e (autor) 
245 1 0 |a Método Dialéctico /  |c R. Cortés del Moral ; presen. de A. Rangel Guerra. 
264 4 |a México :  |b ANUIES, Programa Nacional de Formación de Profesores,  |c 1977, c1977 
300 |a 130 p. 
336 |a texto  |b txt  |2 rdacontenido 
337 |a sin mediación  |b n  |2 rdamedio 
338 |a volumen  |b nc  |2 rdasoporte 
440 1 |a (Temas Básicos.  |p Filosofía) 
520 |a El autor conceptúa la dialéctica como el conjunto de leyes generales que explican el movimiento o los cambios que tienen lugar en la realidad y en su totalidad. Su propósito al abordar este método filosófico es proporcionar los elementos para poder interpretar los acontecimientos sociales en el transcurso de la historia. 
649 |a XX 
650 |a Dialéctica -  |x Tema Principal 
650 |a Devenir 
650 |a Movimiento -  |x Filosofía 
650 |a Metodología 
650 |a Filosofía -  |x Metodología 
700 |a Rangel Guerra, Alfonso  |e (presentación) 
910 |a Fondo Carlos Núñez Hurtado 
920 |a Impresos - Libros 
930 |a Fondos Especiales 
905 |a 117 
901 |a 0500287811  |b IT2  |c ESP  |i D79943  |u 20250521 
902 |a https://opac.biblio.iteso.mx/vufind/Record/000392754